| 000 | 00349nam a2200145Ia 4500 | ||
|---|---|---|---|
| 003 | OSt | ||
| 005 | 20240207093511.0 | ||
| 008 | 170523s9999 xx 000 0 und d | ||
| 020 | _a978-8174461179 | ||
| 040 | _ciimt university meerut | ||
| 100 | _aAHLUWALIA- J S | ||
| 245 | 0 | _aTOTAL QUALITY MANAGEMENT | |
| 260 | _bTATA MC GRAW HILL | ||
| 942 |
_2ddc _c02 |
||
| 999 |
_c353 _d353 |
||